Latin America Cities Map Quiz - Statistics

General Stats
  • This quiz has been taken 172 times
  • The average score is 23 of 36
Answers on the Map
Answers color-coded by a green-red scale on the quiz's map according to % correct below.
 
Answer Stats
Answer % Correct
Buenos Aires
83%
Havana
81%
Lima
81%
Mexico City
80%
Asunción
79%
Guatemala City
79%
Santiago
79%
Santo Domingo
79%
Caracas
78%
Port-au-Prince
76%
San Juan
75%
Bogotá
74%
Rio de Janeiro
74%
Quito
72%
Monterrey
71%
Manaus
69%
Barranquilla
68%
Guadalajara
68%
Brasilia
66%
Cali
66%
Puebla
63%
São Paulo
63%
Maracaibo
62%
Guayaquil
61%
Medellín
57%
Belém
56%
Pôrto Alegre
56%
Santa Cruz
56%
Recife
55%
Salvador
51%
Belo Horizonte
50%
Fortaleza
49%
Goiânia
44%
Curitiba
40%
Toluca
38%
Campinas
25%
No matching quizzes found
Score Distribution
Percent of People with Each Score
Percentile by Number Answered
Your Score History
You have not taken this quiz